| 000 | 01594nam a2200409 i 4500 | ||
|---|---|---|---|
| 001 | bg | ||
| 003 | BPK | ||
| 005 | 20221221124522.0 | ||
| 008 | 090408s2004 pl f f |001 0 pol | ||
| 015 | _aPB 2524/98 | ||
| 020 | _a8301143282 | ||
| 020 | _a8301143274 | ||
| 020 | _a9788301149888 | ||
| 020 | _a9788301149895 | ||
| 040 | _cBPK | ||
| 041 |
_apol _heng |
||
| 044 | _aPOL | ||
| 080 | _a330 | ||
| 080 | _a(075.8) | ||
| 100 | 1 |
_aSamuelson, Paul Anthony _d(1915-2009) _eAutor |
|
| 245 | 1 | 0 |
_aEkonomia. _nT. 1 / _cPaul A. Samuelson, William D. Nordhaus ; przekł. [z ang.] Zofia Wolińska, Michał Rusiński. |
| 246 | 1 |
_iTyt. oryg. : _aEconomics |
|
| 250 | _aWyd. 2 zm., 2 dodr. | ||
| 260 |
_aWarszawa : _bWydawnictwo Naukowe PWN, _c2004. |
||
| 300 |
_a658 s. : _bwykr. ; _c25 cm. |
||
| 500 | _aNa okł. zawart. t. 1: podstawowe pojęcia, makroekonomia - podaż, popyt i rynki produktów, rynki czynników - ziemi, pracy i kapitału oraz podział dochodu, rola państwa w gospodarce. | ||
| 500 | _aOryg. : "Economics" 1998. | ||
| 655 | 4 | _aPodręczniki akademickie | |
| 650 | 4 | _aEkonomia | |
| 710 | 2 |
_aWydawnictwo Naukowe PWN _4pbl. |
|
| 700 | 1 |
_aRusiński, Michał _eTłumaczenie |
|
| 700 | 1 |
_aWolińska, Zofia _eTłumaczenie |
|
| 700 | 1 |
_aNordhaus, William D. _d(1941- ) _eAutor |
|
| 856 |
_uhttp://koha.tu.koszalin.pl/cgi-bin/koha/opac-detail.pl?biblionumber=56469 _yKatalog online BPK |
||
| 942 |
_cKS _2UKD |
||
| 999 |
_c56469 _d56469 |
||